Statistics for Car manufacturers by description.

Click here to take the quiz!

General Stats

  • This quiz has been taken 33 times
  • The average score is 10 of 15

Answer Stats

DescriptionAnswer% Correct
They produced motorcycles and aircraft engines prior to automobiles. Their logo contains the colours of the Bavarian flag.BMW
95%
Founded in Stuttgart in 1931. Models include the Panamera and Macan.Porsche
90%
The first vehicle they made was the 125 S. Their badge was based on World War I flying ace, Francesco Baracca.Ferrari
81%
They have a formula one team with one seat occupied by Lando Norris. Models include the Senna and F1.McLaren
81%
Headquarters are based in Ingolstadt and they were founded by August Horch.Audi
76%
Headquarters are based in Coventry. They are paired with Land Rover.Jaguar
76%
One of the main manufacturers to come out of Detroit in 1900. Models include the Challenger and Charger.Dodge
71%
They were the first manufacturer to incorporate safety crumple zones. Their high end performance line is known as ' Aufrecht, Melcher and Großaspach'.Mercedes-Benz
67%
The company name stands for 'Sociedad Española de Automóviles de Turismo'.SEAT
67%
Founded by Colin Chapman in Norfolk. They produced a V8 in the Espirit.Lotus
62%
Founded by Vaclev Laurin in Czechia. They are part of the VW-Audi group.Skoda
62%
Founded in Saint-Ouen-sur-Seine in 1919. They have won the WRC 8 times.Citroen
57%
Founded in Milan in 1910 by Frenchman Alexandre Durracq. Some body designs come from Pininfarina and Zagato.Alfa Romeo
43%
Part of Mercedes in Stuttgart. They share car models with a manufacturer above.Daimler
14%
A South Korean manufacturer founded in 1954. They are owned by the Indian company Mahindra and Mahindra.Ssangyong
14%

Score Distribution

Percentile by Number Answered

Percent of People with Each Score

Your Score History

You have not taken this quiz